Corpus Christi quod est Ecclesia / [por] Sebastián Tromp

Guardat en:
Dades bibliogràfiques
Autor principal: Tromp, Sebastián, S.J (autor)
Format: Llibre
Edició:Editio altera revisa et aucta
Col·lecció:Pontificia Universitas Gregoriana
Matèries:
Etiquetes: Afegir etiqueta
Sense etiquetes, Sigues el primer a etiquetar aquest registre!

MARC

LEADER 00000nam^a2200000^u^4500
001 000544753
005 20250521000000.0
008 060220s1000^^^^^^^^^^^^r^^^^^000^0^spa^d
009 20260310131335.074
035 |a FMI 000014013 
037 |a Acervo Xavier Clavigero 
096 |a 5.4/3/C 
100 |a Tromp, Sebastián, S.J.  |e (autor) 
245 1 0 |a Corpus Christi quod est Ecclesia / [por] Sebastián Tromp 
250 |a Editio altera revisa et aucta 
264 |a Romae : Apud Aedes Universitatis Gregorianae, 1946 
300 |a 229 p. 
336 |a texto  |b txt  |2 rdacontenido 
337 |a sin mediación  |b n  |2 rdamedio 
338 |a volumen  |b nc  |2 rdasoporte 
440 |a Pontificia Universitas Gregoriana 
597 |a I. Introductio Generalis 
649 |a XX 
650 |a Eclesiología 
910 |a Fondo Francisco Migoya Covarrubias S.J. 
920 |a Impresos - Libros 
930 |a Fondos Especiales 
905 |a 134 
901 |a SBC03293  |b IT2  |c ESP  |u 20250521 
902 |a https://opac.biblio.iteso.mx/vufind/Record/000544753